000
00316nam a22001457a 4500
008
230927b ||||| |||| 00| 0 eng d
020
_a
9780801422348
041
_a
eng
080
_a
618
082
_a
618MIN
100
_a
15
101
_a
GJINEKO
245
_a
THE WAGES OF MOTHERHOOD
_c
MINK.G
942
_2
udc
_c
BK
999
_c
60409
_d
60409